000 00555nam a2200181Ia 4500
003 GCL
008 140319s9999 xx 000 0 ara d
040 _aGCL /
_cGCL
082 0 4 _a415.1
_bع ا
100 1 _aعبدالسلام محمد هارون
245 1 0 _aالاساليب الانشائية فى النحو العربى /
_cعبدالسلام محمد هارون
260 _a[S.N] :
_bمكتبة الخانجى ،
_c1981
300 _a232 ص
490 _a
650 0 4 _aالنحو
650 0 4 _aاللغة العربية
942 _2ddc
_cBK
999 _c36799
_d36799